[Event "RUS-ch Rapid 2021"]
[Site "Sochi"]
[Date "2021.10.13"]
[Round "10.18"]
[White "Ivlev, Aleksey"]
[Black "Klukin, Kirill"]
[Result "1/2-1/2"]
[WhiteElo "2315"]
[BlackElo "2346"]
[Annotator "NA RC"]
[PlyCount "135"]
[EventDate "2021.10.12"]
[EventType "swiss"]
[EventCountry "RUS"]
[SourceTitle "playchess.com"]
[Source "ChessBase"]
[SourceQuality "1"]
[TimeControl "900+10"]

1. d4 {[%emt 0:00:00]} d5 {[%emt 0:00:09]} 2. c4 {[%emt 0:00:05]} e6 {[%emt 0:
00:00]} 3. Nf3 {[%emt 0:00:06]} a6 {[%emt 0:00:00]} 4. cxd5 {[%emt 0:00:00]}
exd5 {[%emt 0:00:04]} 5. Nc3 {[%emt 0:00:10]} Nf6 {[%emt 0:00:05]} 6. Bg5 {
[%emt 0:00:00]} Be6 {[%emt 0:00:03]} 7. e3 {[%emt 0:00:00]} Nbd7 {[%emt 0:00:
00]} 8. Bd3 {[%emt 0:00:01]} h6 {[%emt 0:00:00]} 9. Bf4 {[%emt 0:00:17]} g5 {
[%emt 0:00:12]} 10. Bg3 {[%emt 0:00:12]} Nh5 {[%emt 0:00:00]} 11. Be5 {[%emt 0:
01:10]} Ng7 {[%emt 0:00:00]} 12. h3 {[%emt 0:00:17]} Nxe5 {[%emt 0:00:25]} 13.
Nxe5 {[%emt 0:00:05]} Bd6 {[%emt 0:00:55]} 14. O-O {[%emt 0:00:17]} h5 {
[%emt 0:00:53]} 15. f4 {[%emt 0:00:25]} gxf4 {[%emt 0:00:58]} 16. exf4 {
[%emt 0:00:16]} Qh4 {[%emt 0:02:04]} 17. Qe1 {[%emt 0:01:17]} Qxe1 {[%emt 0:01:
39]} 18. Raxe1 {[%emt 0:00:00]} Bxe5 {[%emt 0:01:36]} 19. Rxe5 {[%emt 0:01:35]}
f6 {[%emt 0:01:25]} 20. Re3 {[%emt 0:00:12]} Kd7 {[%emt 0:00:39]} 21. Rfe1 {
[%emt 0:00:15]} Rae8 {[%emt 0:03:41]} 22. Bg6 {[%emt 0:00:13]} Reg8 {[%emt 0:
00:10]} 23. Bf7 {[%emt 0:01:46]} Re8 {[%emt 0:01:23]} 24. Bxe8+ {[%emt 0:00:53]
} Rxe8 {[%emt 0:00:04]} 25. g4 {[%emt 0:00:39]} hxg4 {[%emt 0:01:13]} 26. hxg4
{[%emt 0:00:00]} Bxg4 {[%emt 0:00:45]} 27. Rxe8 {[%emt 0:00:07]} Nxe8 {[%emt 0:
00:00]} 28. Nxd5 {[%emt 0:00:07]} Be6 {[%emt 0:00:01]} 29. Nc3 {[%emt 0:00:19]}
c6 {[%emt 0:00:06]} 30. Na4 {[%emt 0:00:28]} Nc7 {[%emt 0:00:45]} 31. Nc5+ {
[%emt 0:00:06]} Kd6 {[%emt 0:00:00]} 32. Nxb7+ {[%emt 0:00:24]} Kd5 {[%emt 0:
00:00]} 33. Nc5 {[%emt 0:00:29]} Bf5 {[%emt 0:00:01]} 34. Re7 {[%emt 0:00:24]}
Nb5 {[%emt 0:00:01]} 35. Nxa6 {[%emt 0:00:37]} Nxd4 {[%emt 0:00:03]} 36. Kf2 {
[%emt 0:00:42]} Bb1 {[%emt 0:00:20]} 37. b3 {[%emt 0:02:45]} c5 {[%emt 0:00:08]
} 38. Rc7 {[%emt 0:02:24]} Ne6 {[%emt 0:00:50]} 39. Rc8 {[%emt 0:01:21]} f5 {
[%emt 0:00:49]} 40. Nc7+ {[%emt 0:00:08]} Nxc7 {[%emt 0:00:01]} 41. Rxc7 {
[%emt 0:00:02]} Bxa2 {[%emt 0:00:01]} 42. Rb7 {[%emt 0:00:05]} Kd4 {[%emt 0:00:
14]} 43. Rb5 {[%emt 0:00:24]} Bb1 {[%emt 0:00:07]} 44. Rb8 {[%emt 0:00:17]} Be4
{[%emt 0:00:13]} 45. Kg3 {[%emt 0:00:08]} Kc3 {[%emt 0:00:25]} 46. Rb5 {
[%emt 0:00:08]} Kd4 {[%emt 0:00:08]} 47. Kh4 {[%emt 0:00:05]} Bd3 {[%emt 0:00:
00]} 48. Rb6 {[%emt 0:00:04]} Be4 {[%emt 0:00:14]} 49. Kg5 {[%emt 0:00:12]} Bc2
{[%emt 0:00:08]} 50. Rb8 {[%emt 0:00:57]} Kc3 {[%emt 0:00:08]} 51. Rb5 {
[%emt 0:00:04]} Kd4 {[%emt 0:00:05]} 52. Rb6 {[%emt 0:00:01]} Kc3 {[%emt 0:00:
15]} 53. Rb5 {[%emt 0:00:21]} Kd4 {[%emt 0:00:01]} 54. Kf6 {[%emt 0:00:15]} Bd3
{[%emt 0:00:05]} 55. Rb6 {[%emt 0:00:10]} Ke4 {[%emt 0:00:00]} 56. Rc6 {
[%emt 0:00:27]} Kd4 {[%emt 0:00:08]} 57. Rd6+ {[%emt 0:00:15]} Ke4 {[%emt 0:00:
19]} 58. Rxd3 {[%emt 0:00:10]} Kxd3 {[%emt 0:00:03]} 59. Ke5 {[%emt 0:00:09]}
Kc3 {[%emt 0:00:13]} 60. Kd5 {[%emt 0:00:03]} Kb4 {[%emt 0:00:11]} 61. Kd6 {
[%emt 0:00:13]} Kb5 {[%emt 0:00:02]} 62. Ke6 {[%emt 0:00:13]} Kb4 {[%emt 0:00:
05]} 63. Kd5 {[%emt 0:00:06]} Kb5 {[%emt 0:00:06]} 64. Ke6 {[%emt 0:00:14]} Kb4
{[%emt 0:00:00]} 65. Kd6 {[%emt 0:00:07]} Kb5 {[%emt 0:00:02]} 66. Ke5 {
[%emt 0:00:13]} Kb4 {[%emt 0:00:00]} 67. Kd5 {[%emt 0:00:11]} Kb5 {[%emt 0:00:
02]} 68. Kd6 {[%emt 0:00:08]} 1/2-1/2

[Event "RUS-ch Rapid 2021"]
[Site "Sochi"]
[Date "2021.10.13"]
[Round "10.19"]
[White "Zhakamukhov, Eduard"]
[Black "Vastrukhin, Oleg"]
[Result "0-1"]
[WhiteElo "2008"]
[BlackElo "2382"]
[Annotator "NA"]
[PlyCount "74"]
[EventDate "2021.10.12"]
[EventType "swiss"]
[EventCountry "RUS"]
[SourceTitle "playchess.com"]
[Source "ChessBase"]
[SourceQuality "1"]
[TimeControl "900+10"]

1. e4 {[%emt 0:00:00]} e6 {[%emt 0:00:00]} 2. d4 {[%emt 0:00:05]} d5 {[%emt 0:
00:02]} 3. Nd2 {[%emt 0:00:00]} c5 {[%emt 0:00:07]} 4. Ngf3 {[%emt 0:00:00]}
Nc6 {[%emt 0:00:00]} 5. exd5 {[%emt 0:00:03]} exd5 {[%emt 0:00:00]} 6. Bb5 {
[%emt 0:00:00]} Bd6 {[%emt 0:00:00]} 7. dxc5 {[%emt 0:00:02]} Bxc5 {[%emt 0:00:
01]} 8. O-O {[%emt 0:00:04]} Nge7 {[%emt 0:00:01]} 9. Nb3 {[%emt 0:00:02]} Bb6
{[%emt 0:00:02]} 10. Bg5 {[%emt 0:00:07]} O-O {[%emt 0:00:08]} 11. h3 {[%emt 0:
00:22]} h6 {[%emt 0:00:10]} 12. Bh4 {[%emt 0:00:10]} Qd6 {[%emt 0:00:08]} 13.
Bxe7 {[%emt 0:00:55]} Nxe7 {[%emt 0:00:04]} 14. c3 {[%emt 0:01:07]} Ng6 {
[%emt 0:00:12]} 15. Nfd4 {[%emt 0:01:16]} Nf4 {[%emt 0:00:45]} 16. Qf3 {
[%emt 0:03:30]} Bc7 {[%emt 0:00:07]} 17. Qg3 {[%emt 0:02:30]} a6 {[%emt 0:00:
06]} 18. Be2 {[%emt 0:00:03]} Qf6 {[%emt 0:01:10]} 19. Kh1 {[%emt 0:02:53]} Bd6
{[%emt 0:00:37]} 20. Bg4 {[%emt 0:00:49]} Ng6 {[%emt 0:01:23]} 21. Qf3 {
[%emt 0:00:11]} Qe5 {[%emt 0:00:01]} 22. g3 {[%emt 0:00:25]} f5 {[%emt 0:01:44]
} 23. Bh5 {[%emt 0:00:06]} Ne7 {[%emt 0:00:01]} 24. Qe2 {[%emt 0:00:45]} Qf6 {
[%emt 0:01:09]} 25. f4 {[%emt 0:00:05]} Bd7 {[%emt 0:00:17]} 26. Bf3 {[%emt 0:
00:25]} g5 {[%emt 0:01:10]} 27. Bg2 {[%emt 0:00:14]} Rae8 {[%emt 0:00:15]} 28.
Qf2 {[%emt 0:00:09]} gxf4 {[%emt 0:00:56]} 29. gxf4 {[%emt 0:00:00]} Kh7 {
[%emt 0:00:00]} 30. Nc1 {[%emt 0:00:45]} Ng6 {[%emt 0:00:25]} 31. Nd3 {[%emt 0:
00:03]} Re4 {[%emt 0:00:00]} 32. Rae1 {[%emt 0:00:46]} Rg8 {[%emt 0:00:08]} 33.
Ne5 {[%emt 0:00:50]} Nxe5 {[%emt 0:01:31]} 34. Bxe4 {[%emt 0:00:17]} dxe4 {
[%emt 0:01:00]} 35. fxe5 {[%emt 0:00:00]} Qxe5 {[%emt 0:00:01]} 36. Nxf5 {
[%emt 0:00:54]} e3 {[%emt 0:00:26]} 37. Nxe3 {[%emt 0:01:12]} Bc6+ {[%emt 0:00:
00]} 0-1

[Event "RUS-ch Rapid 2021"]
[Site "Sochi"]
[Date "2021.10.13"]
[Round "10.20"]
[White "Kezin, Roman"]
[Black "Nuristani, Iman"]
[Result "1-0"]
[WhiteElo "2492"]
[BlackElo "2171"]
[Annotator "RC"]
[PlyCount "93"]
[EventDate "2021.10.12"]
[EventType "swiss"]
[EventCountry "RUS"]
[SourceTitle "playchess.com"]
[Source "ChessBase"]
[SourceQuality "1"]
[TimeControl "900+10"]

1. d4 {[%emt 0:00:00]} Nf6 {[%emt 0:00:00]} 2. c4 {[%emt 0:00:00]} c5 {[%emt 0:
00:19]} 3. d5 {[%emt 0:00:08]} b5 {[%emt 0:00:00]} 4. Nf3 {[%emt 0:00:00]} g6 {
[%emt 0:00:04]} 5. cxb5 {[%emt 0:00:04]} a6 {[%emt 0:00:00]} 6. bxa6 {[%emt 0:
00:28]} Bxa6 {[%emt 0:00:00]} 7. Nc3 {[%emt 0:00:00]} Bg7 {[%emt 0:00:00]} 8.
g3 {[%emt 0:00:00]} O-O {[%emt 0:00:00]} 9. Bg2 {[%emt 0:00:00]} d6 {[%emt 0:
00:00]} 10. O-O {[%emt 0:00:00]} Nbd7 {[%emt 0:00:00]} 11. Rb1 {[%emt 0:00:00]}
Qa5 {[%emt 0:01:04]} 12. Bd2 {[%emt 0:00:02]} Bb7 {[%emt 0:01:00]} 13. Qc2 {
[%emt 0:01:42]} Ng4 {[%emt 0:02:12]} 14. h3 {[%emt 0:00:08]} Nge5 {[%emt 0:00:
01]} 15. Nxe5 {[%emt 0:00:00]} Nxe5 {[%emt 0:00:12]} 16. b3 {[%emt 0:00:01]}
Qa3 {[%emt 0:03:08]} 17. Bc1 {[%emt 0:00:22]} Qa6 {[%emt 0:01:36]} 18. a4 {
[%emt 0:00:07]} Bc8 {[%emt 0:01:39]} 19. Rd1 {[%emt 0:02:09]} Rb8 {[%emt 0:00:
55]} 20. Kh2 {[%emt 0:00:12]} Nd7 {[%emt 0:00:43]} 21. e4 {[%emt 0:00:32]} f5 {
[%emt 0:00:54]} 22. exf5 {[%emt 0:01:14]} Rxf5 {[%emt 0:00:00]} 23. f4 {
[%emt 0:00:00]} Nb6 {[%emt 0:00:08]} 24. g4 {[%emt 0:01:10]} Rf8 {[%emt 0:00:
47]} 25. Ne4 {[%emt 0:00:33]} Bd7 {[%emt 0:00:00]} 26. Be3 {[%emt 0:00:51]} c4
{[%emt 0:00:49]} 27. Qe2 {[%emt 0:00:00]} Qa5 {[%emt 0:00:18]} 28. bxc4 {
[%emt 0:00:05]} Nxa4 {[%emt 0:00:10]} 29. Qc2 {[%emt 0:01:00]} Qc7 {[%emt 0:00:
22]} 30. Rdc1 {[%emt 0:00:24]} Nc5 {[%emt 0:00:57]} 31. Nxc5 {[%emt 0:00:21]}
dxc5 {[%emt 0:00:00]} 32. Kh1 {[%emt 0:00:38]} Qd6 {[%emt 0:00:47]} 33. Rxb8 {
[%emt 0:01:18]} Rxb8 {[%emt 0:00:05]} 34. Rb1 {[%emt 0:00:00]} Rf8 {[%emt 0:00:
10]} 35. Qf2 {[%emt 0:00:26]} Rc8 {[%emt 0:01:14]} 36. Rb7 {[%emt 0:00:16]} Be8
{[%emt 0:00:36]} 37. Qa2 {[%emt 0:00:28]} Bd4 {[%emt 0:00:23]} 38. Bc1 {
[%emt 0:00:28]} Rb8 {[%emt 0:00:20]} 39. Qa7 {[%emt 0:01:33]} Rxb7 {[%emt 0:00:
00]} 40. Qxb7 {[%emt 0:00:00]} Bd7 {[%emt 0:00:44]} 41. Bf3 {[%emt 0:01:52]} g5
{[%emt 0:00:13]} 42. Qb1 {[%emt 0:02:26]} gxf4 {[%emt 0:00:08]} 43. Qe4 {
[%emt 0:00:00]} Qe5 {[%emt 0:00:12]} 44. Bxf4 {[%emt 0:00:00]} Qg7 {[%emt 0:00:
10]} 45. d6 {[%emt 0:00:18]} exd6 {[%emt 0:00:06]} 46. Qa8+ {[%emt 0:00:23]}
Qf8 {[%emt 0:00:09]} 47. Bd5+ {[%emt 0:00:01]} 1-0

[Event "RUS-ch Rapid 2021"]
[Site "Sochi"]
[Date "2021.10.13"]
[Round "10.21"]
[White "Derjabin, Ilja"]
[Black "Khanin, Semen"]
[Result "1/2-1/2"]
[WhiteElo "2353"]
[BlackElo "2521"]
[Annotator "ChessBase"]
[PlyCount "84"]
[EventDate "2021.10.12"]
[EventType "swiss"]
[EventCountry "RUS"]
[SourceTitle "playchess.com"]
[Source "ChessBase"]
[SourceQuality "1"]
[TimeControl "900+10"]

1. d4 {[%emt 0:00:00]} Nf6 {[%emt 0:00:04]} 2. c4 {[%emt 0:00:03]} e6 {[%emt 0:
00:00]} 3. Nc3 {[%emt 0:00:07]} d5 {[%emt 0:00:00]} 4. cxd5 {[%emt 0:00:14]}
exd5 {[%emt 0:00:06]} 5. Bg5 {[%emt 0:00:00]} c6 {[%emt 0:00:03]} 6. e3 {
[%emt 0:00:06]} Nbd7 {[%emt 0:00:05]} 7. Bd3 {[%emt 0:00:14]} Bd6 {[%emt 0:00:
00]} 8. Nge2 {[%emt 0:00:04]} Nf8 {[%emt 0:00:14]} 9. Qc2 {[%emt 0:03:05]} Ng6
{[%emt 0:00:03]} 10. O-O-O {[%emt 0:02:19]} h6 {[%emt 0:00:00]} 11. Bxg6 {
[%emt 0:00:28]} hxg5 {[%emt 0:00:00]} 12. Bd3 {[%emt 0:00:02]} Qe7 {[%emt 0:02:
57]} 13. Ng3 {[%emt 0:00:13]} Be6 {[%emt 0:00:48]} 14. Nf5 {[%emt 0:01:37]}
Bxf5 {[%emt 0:00:00]} 15. Bxf5 {[%emt 0:00:00]} g6 {[%emt 0:00:04]} 16. Bd3 {
[%emt 0:00:08]} O-O-O {[%emt 0:00:06]} 17. h3 {[%emt 0:00:35]} Kb8 {[%emt 0:00:
00]} 18. Kb1 {[%emt 0:00:15]} Rh4 {[%emt 0:00:17]} 19. Rhe1 {[%emt 0:00:03]}
Ne4 {[%emt 0:01:15]} 20. Bxe4 {[%emt 0:00:19]} dxe4 {[%emt 0:00:00]} 21. d5 {
[%emt 0:01:48]} c5 {[%emt 0:01:00]} 22. g3 {[%emt 0:00:20]} Rxh3 {[%emt 0:00:
00]} 23. Qxe4 {[%emt 0:00:02]} Qf6 {[%emt 0:01:01]} 24. Re2 {[%emt 0:01:10]}
Rh2 {[%emt 0:00:04]} 25. Qc2 {[%emt 0:00:02]} g4 {[%emt 0:01:08]} 26. f4 {
[%emt 0:01:35]} Rxe2 {[%emt 0:02:22]} 27. Qxe2 {[%emt 0:00:00]} g5 {[%emt 0:00:
05]} 28. Qxg4 {[%emt 0:00:27]} gxf4 {[%emt 0:00:03]} 29. gxf4 {[%emt 0:00:19]}
Re8 {[%emt 0:00:03]} 30. Qf3 {[%emt 0:01:32]} Qf5+ {[%emt 0:01:50]} 31. Ka1 {
[%emt 0:00:00]} Be5 {[%emt 0:00:40]} 32. d6 {[%emt 0:01:18]} Bxc3 {[%emt 0:00:
00]} 33. bxc3 {[%emt 0:00:00]} Qc2 {[%emt 0:00:11]} 34. e4 {[%emt 0:00:03]} c4
{[%emt 0:00:38]} 35. e5 {[%emt 0:00:12]} Rh8 {[%emt 0:00:05]} 36. d7 {[%emt 0:
00:16]} Rd8 {[%emt 0:00:00]} 37. Qd5 {[%emt 0:00:34]} Qxc3+ {[%emt 0:00:06]}
38. Kb1 {[%emt 0:00:00]} Qb4+ {[%emt 0:00:42]} 39. Kc2 {[%emt 0:00:04]} Qa4+ {
[%emt 0:01:48]} 40. Kb2 {[%emt 0:00:05]} Qb4+ {[%emt 0:00:20]} 41. Kc2 {
[%emt 0:00:00]} Qa4+ {[%emt 0:00:30]} 42. Kb2 {[%emt 0:00:00]} Qb4+ {[%emt 0:
00:41]} 1/2-1/2

[Event "RUS-ch Rapid 2021"]
[Site "Sochi"]
[Date "2021.10.13"]
[Round "10.22"]
[White "Rodin, Dmitrij"]
[Black "Savchenko, Boris"]
[Result "0-1"]
[WhiteElo "2359"]
[BlackElo "2535"]
[Annotator "ChessBase"]
[PlyCount "60"]
[EventDate "2021.10.12"]
[EventType "swiss"]
[EventCountry "RUS"]
[SourceTitle "playchess.com"]
[Source "ChessBase"]
[SourceQuality "1"]
[TimeControl "900+10"]

1. e4 {[%emt 0:00:00]} d5 {[%emt 0:00:04]} 2. exd5 {[%emt 0:00:02]} Qxd5 {
[%emt 0:00:00]} 3. Nc3 {[%emt 0:00:00]} Qa5 {[%emt 0:00:02]} 4. d4 {[%emt 0:00:
13]} Nf6 {[%emt 0:00:01]} 5. Nf3 {[%emt 0:00:00]} Bf5 {[%emt 0:00:00]} 6. Bc4 {
[%emt 0:00:06]} Nc6 {[%emt 0:00:05]} 7. O-O {[%emt 0:00:50]} e6 {[%emt 0:00:34]
} 8. Bb5 {[%emt 0:01:20]} Bb4 {[%emt 0:01:10]} 9. Qe2 {[%emt 0:01:47]} O-O {
[%emt 0:00:29]} 10. Bd2 {[%emt 0:00:11]} Rfd8 {[%emt 0:05:18]} 11. a3 {[%emt 0:
01:02]} Bxc3 {[%emt 0:00:16]} 12. bxc3 {[%emt 0:00:02]} Ne4 {[%emt 0:00:50]}
13. a4 {[%emt 0:01:29]} a6 {[%emt 0:01:30]} 14. Bxc6 {[%emt 0:02:35]} Nxd2 {
[%emt 0:00:06]} 15. Qxd2 {[%emt 0:01:25]} bxc6 {[%emt 0:00:00]} 16. Rfe1 {
[%emt 0:00:11]} c5 {[%emt 0:00:05]} 17. Qf4 {[%emt 0:00:09]} Qxc3 {[%emt 0:00:
15]} 18. g4 {[%emt 0:01:11]} Bg6 {[%emt 0:01:17]} 19. h4 {[%emt 0:00:00]} cxd4
{[%emt 0:00:23]} 20. h5 {[%emt 0:00:47]} Bxc2 {[%emt 0:00:00]} 21. Ng5 {
[%emt 0:00:06]} Rd7 {[%emt 0:00:18]} 22. h6 {[%emt 0:01:01]} gxh6 {[%emt 0:01:
35]} 23. Nf3 {[%emt 0:00:52]} d3 {[%emt 0:00:05]} 24. Nd2 {[%emt 0:00:06]} Rd4
{[%emt 0:00:11]} 25. Qf3 {[%emt 0:00:46]} Rad8 {[%emt 0:00:06]} 26. Rad1 {
[%emt 0:00:28]} Qb4 {[%emt 0:00:10]} 27. Kh2 {[%emt 0:00:28]} Rxg4 {[%emt 0:00:
27]} 28. Ne4 {[%emt 0:00:18]} Bxd1 {[%emt 0:00:24]} 29. Nf6+ {[%emt 0:00:03]}
Kf8 {[%emt 0:00:25]} 30. Nxh7+ {[%emt 0:01:33]} Kg7 {[%emt 0:00:03]} 0-1

[Event "RUS-ch Rapid 2021"]
[Site "Sochi"]
[Date "2021.10.13"]
[Round "10.23"]
[White "Khegay, Dmitriy"]
[Black "Nazaretyan, Tigran"]
[Result "1-0"]
[WhiteElo "2521"]
[BlackElo "2316"]
[Annotator "ChessBase"]
[PlyCount "107"]
[EventDate "2021.10.12"]
[EventType "swiss"]
[EventCountry "RUS"]
[SourceTitle "playchess.com"]
[Source "ChessBase"]
[SourceQuality "1"]
[TimeControl "900+10"]

1. d4 {[%emt 0:00:00]} Nf6 {[%emt 0:00:12]} 2. Bf4 {[%emt 0:00:01]} d6 {
[%emt 0:00:08]} 3. e3 {[%emt 0:00:05]} Nbd7 {[%emt 0:00:08]} 4. h3 {[%emt 0:00:
10]} e5 {[%emt 0:00:08]} 5. Bh2 {[%emt 0:00:00]} Qe7 {[%emt 0:00:34]} 6. Nf3 {
[%emt 0:00:00]} exd4 {[%emt 0:00:07]} 7. Nxd4 {[%emt 0:00:06]} g6 {[%emt 0:00:
08]} 8. Be2 {[%emt 0:00:00]} Bg7 {[%emt 0:00:03]} 9. O-O {[%emt 0:00:09]} O-O {
[%emt 0:00:02]} 10. c4 {[%emt 0:00:00]} Ne4 {[%emt 0:00:08]} 11. Nd2 {[%emt 0:
00:06]} Ndc5 {[%emt 0:00:22]} 12. Nxe4 {[%emt 0:00:18]} Nxe4 {[%emt 0:00:00]}
13. Qc2 {[%emt 0:00:04]} a5 {[%emt 0:00:59]} 14. Rfd1 {[%emt 0:00:53]} Bd7 {
[%emt 0:00:14]} 15. Bf3 {[%emt 0:00:12]} Rae8 {[%emt 0:00:25]} 16. Rac1 {
[%emt 0:00:10]} b6 {[%emt 0:00:12]} 17. Nb5 {[%emt 0:00:32]} Bf5 {[%emt 0:00:
17]} 18. Qe2 {[%emt 0:00:16]} h5 {[%emt 0:00:17]} 19. b3 {[%emt 0:02:24]} Qd8 {
[%emt 0:01:57]} 20. Nd4 {[%emt 0:01:06]} Bd7 {[%emt 0:00:13]} 21. Qc2 {[%emt 0:
00:00]} f5 {[%emt 0:00:30]} 22. a3 {[%emt 0:00:19]} Bh6 {[%emt 0:00:38]} 23.
Re1 {[%emt 0:00:31]} Re7 {[%emt 0:00:05]} 24. b4 {[%emt 0:00:08]} axb4 {
[%emt 0:00:09]} 25. axb4 {[%emt 0:00:00]} Qe8 {[%emt 0:00:00]} 26. Bxe4 {
[%emt 0:00:25]} Rxe4 {[%emt 0:00:06]} 27. Nf3 {[%emt 0:00:42]} Rf6 {[%emt 0:02:
28]} 28. c5 {[%emt 0:00:09]} dxc5 {[%emt 0:00:36]} 29. bxc5 {[%emt 0:00:02]}
Rc6 {[%emt 0:00:04]} 30. Qb3+ {[%emt 0:01:08]} Be6 {[%emt 0:01:51]} 31. Qb5 {
[%emt 0:00:00]} Bd7 {[%emt 0:00:00]} 32. Rcd1 {[%emt 0:00:49]} bxc5 {[%emt 0:
00:45]} 33. Ne5 {[%emt 0:00:23]} Rb4 {[%emt 0:00:40]} 34. Qa5 {[%emt 0:01:32]}
Rd6 {[%emt 0:00:44]} 35. Qxc5 {[%emt 0:00:14]} Rb7 {[%emt 0:02:18]} 36. Nxd7 {
[%emt 0:00:17]} Rxd1 {[%emt 0:01:00]} 37. Qc4+ {[%emt 0:00:50]} Qf7 {[%emt 0:
01:13]} 38. Qxf7+ {[%emt 0:00:05]} Kxf7 {[%emt 0:00:00]} 39. Rxd1 {[%emt 0:00:
00]} Bg7 {[%emt 0:00:10]} 40. Ne5+ {[%emt 0:00:15]} Kf6 {[%emt 0:00:14]} 41. h4
{[%emt 0:00:03]} Rb5 {[%emt 0:00:45]} 42. Nf3 {[%emt 0:00:00]} c5 {[%emt 0:00:
03]} 43. Be5+ {[%emt 0:00:04]} Kf7 {[%emt 0:00:17]} 44. Rd7+ {[%emt 0:00:04]}
Ke6 {[%emt 0:00:02]} 45. Rxg7 {[%emt 0:00:05]} c4 {[%emt 0:00:00]} 46. Rxg6+ {
[%emt 0:00:04]} Kd5 {[%emt 0:00:10]} 47. Rd6+ {[%emt 0:00:10]} Kc5 {[%emt 0:00:
01]} 48. Rf6 {[%emt 0:00:04]} Kd5 {[%emt 0:00:08]} 49. Rxf5 {[%emt 0:00:02]}
Ke4 {[%emt 0:00:00]} 50. Rf4+ {[%emt 0:00:00]} Kd3 {[%emt 0:00:04]} 51. Rd4+ {
[%emt 0:00:10]} Kc2 {[%emt 0:00:03]} 52. Rxc4+ {[%emt 0:00:00]} Kd3 {[%emt 0:
00:00]} 53. Rd4+ {[%emt 0:00:00]} Kc2 {[%emt 0:00:07]} 54. Kh2 {[%emt 0:00:00]}
1-0

[Event "RUS-ch Rapid 2021"]
[Site "Sochi"]
[Date "2021.10.13"]
[Round "10.24"]
[White "Potapov, Pavel"]
[Black "Yatzenko, Anton"]
[Result "1/2-1/2"]
[WhiteElo "2481"]
[BlackElo "2370"]
[Annotator "ChessBase"]
[PlyCount "55"]
[EventDate "2021.10.12"]
[EventType "swiss"]
[EventCountry "RUS"]
[SourceTitle "playchess.com"]
[Source "ChessBase"]
[SourceQuality "1"]
[TimeControl "900+10"]

1. e4 {[%emt 0:00:00]} e5 {[%emt 0:00:00]} 2. Nf3 {[%emt 0:00:05]} Nc6 {
[%emt 0:00:01]} 3. Bb5 {[%emt 0:00:05]} a6 {[%emt 0:00:01]} 4. Ba4 {[%emt 0:00:
00]} Nf6 {[%emt 0:00:05]} 5. Bxc6 {[%emt 0:00:05]} dxc6 {[%emt 0:00:00]} 6. d3
{[%emt 0:00:00]} Nd7 {[%emt 0:00:30]} 7. b3 {[%emt 0:00:16]} Bd6 {[%emt 0:00:
03]} 8. Bb2 {[%emt 0:00:00]} O-O {[%emt 0:00:02]} 9. Nbd2 {[%emt 0:00:02]} Re8
{[%emt 0:00:04]} 10. O-O {[%emt 0:00:49]} Bf8 {[%emt 0:00:03]} 11. Nc4 {
[%emt 0:00:24]} f6 {[%emt 0:00:00]} 12. a4 {[%emt 0:00:11]} a5 {[%emt 0:00:31]}
13. h3 {[%emt 0:00:22]} Nc5 {[%emt 0:00:07]} 14. Ne3 {[%emt 0:01:50]} Be6 {
[%emt 0:01:13]} 15. Kh2 {[%emt 0:03:29]} Qd7 {[%emt 0:00:25]} 16. Qe2 {[%emt 0:
00:14]} Rad8 {[%emt 0:00:18]} 17. Rfd1 {[%emt 0:00:11]} Bf7 {[%emt 0:01:03]}
18. Nf5 {[%emt 0:00:59]} Ne6 {[%emt 0:00:32]} 19. g3 {[%emt 0:00:42]} g6 {
[%emt 0:01:29]} 20. Ne3 {[%emt 0:00:07]} Nd4 {[%emt 0:00:12]} 21. Nxd4 {
[%emt 0:01:30]} exd4 {[%emt 0:00:04]} 22. Nc4 {[%emt 0:00:10]} b6 {[%emt 0:00:
15]} 23. f4 {[%emt 0:00:21]} Bg7 {[%emt 0:00:33]} 24. Nd2 {[%emt 0:00:34]} Be6
{[%emt 0:00:57]} 25. Qg2 {[%emt 0:00:19]} c5 {[%emt 0:00:00]} 26. Nf3 {[%emt 0:
00:54]} f5 {[%emt 0:00:37]} 27. e5 {[%emt 0:01:06]} Bd5 {[%emt 0:00:00]} 28.
Bc1 {[%emt 0:00:10]} 1/2-1/2

[Event "RUS-ch Rapid 2021"]
[Site "Sochi"]
[Date "2021.10.13"]
[Round "11.1"]
[White "Bocharov, Dmitry"]
[Black "Tsydypov, Zhamsaran"]
[Result "1/2-1/2"]
[WhiteElo "2517"]
[BlackElo "2526"]
[Annotator "ChessBase"]
[PlyCount "33"]
[EventDate "2021.10.12"]
[EventType "swiss"]
[EventCountry "RUS"]
[SourceTitle "playchess.com"]
[Source "ChessBase"]
[SourceQuality "1"]
[TimeControl "900+10"]

1. d4 {[%emt 0:00:29]} Nf6 {[%emt 0:00:06]} 2. c4 {[%emt 0:00:04]} g6 {[%emt 0:
00:19]} 3. Nf3 {[%emt 0:00:05]} Bg7 {[%emt 0:00:01]} 4. g3 {[%emt 0:00:00]} c6
{[%emt 0:00:24]} 5. Bg2 {[%emt 0:00:20]} d5 {[%emt 0:00:00]} 6. Qb3 {[%emt 0:
00:29]} O-O {[%emt 0:00:16]} 7. O-O {[%emt 0:00:05]} dxc4 {[%emt 0:00:19]} 8.
Qxc4 {[%emt 0:00:08]} Be6 {[%emt 0:00:07]} 9. Qa4 {[%emt 0:00:10]} Nbd7 {
[%emt 0:00:07]} 10. Nc3 {[%emt 0:00:35]} Bf5 {[%emt 0:01:50]} 11. Rd1 {[%emt 0:
04:45]} a5 {[%emt 0:00:57]} 12. Qb3 {[%emt 0:00:27]} Qc8 {[%emt 0:01:37]} 13.
Bf4 {[%emt 0:00:33]} Ne4 {[%emt 0:00:14]} 14. Rac1 {[%emt 0:01:33]} Nxc3 {
[%emt 0:00:06]} 15. bxc3 {[%emt 0:00:23]} a4 {[%emt 0:02:25]} 16. Qb4 {[%emt 0:
01:02]} Re8 {[%emt 0:00:06]} 17. c4 {[%emt 0:03:22]} 1/2-1/2

[Event "RUS-ch Rapid 2021"]
[Site "Sochi"]
[Date "2021.10.13"]
[Round "11.2"]
[White "Alekseev, Evgeny"]
[Black "Rozum, Ivan"]
[Result "1/2-1/2"]
[WhiteElo "2602"]
[BlackElo "2529"]
[Annotator "RC"]
[PlyCount "62"]
[EventDate "2021.10.12"]
[EventType "swiss"]
[EventCountry "RUS"]
[SourceTitle "playchess.com"]
[Source "ChessBase"]
[SourceQuality "1"]
[TimeControl "900+10"]

1. e4 {[%emt 0:00:00]} c6 {[%emt 0:00:04]} 2. d4 {[%emt 0:00:08]} d5 {[%emt 0:
00:00]} 3. exd5 {[%emt 0:00:03]} cxd5 {[%emt 0:00:01]} 4. Bd3 {[%emt 0:00:02]}
Nc6 {[%emt 0:00:08]} 5. c3 {[%emt 0:00:00]} Nf6 {[%emt 0:00:02]} 6. Bf4 {
[%emt 0:00:47]} Bg4 {[%emt 0:00:19]} 7. Qb3 {[%emt 0:00:01]} Qd7 {[%emt 0:00:
00]} 8. Nd2 {[%emt 0:00:05]} e6 {[%emt 0:00:00]} 9. Ngf3 {[%emt 0:00:04]} Bd6 {
[%emt 0:00:00]} 10. Ne5 {[%emt 0:00:00]} Qc7 {[%emt 0:00:28]} 11. O-O {[%emt 0:
01:19]} Nxe5 {[%emt 0:04:00]} 12. dxe5 {[%emt 0:00:12]} Bxe5 {[%emt 0:00:00]}
13. Bxe5 {[%emt 0:00:36]} Qxe5 {[%emt 0:00:00]} 14. Qb5+ {[%emt 0:00:04]} Nd7 {
[%emt 0:03:14]} 15. Qxb7 {[%emt 0:00:05]} Qb8 {[%emt 0:00:40]} 16. Qb4 {
[%emt 0:05:48]} Qxb4 {[%emt 0:01:20]} 17. cxb4 {[%emt 0:00:00]} Ke7 {[%emt 0:
00:04]} 18. Rfc1 {[%emt 0:00:28]} Rhb8 {[%emt 0:00:34]} 19. a3 {[%emt 0:00:12]}
a5 {[%emt 0:00:43]} 20. b5 {[%emt 0:00:02]} a4 {[%emt 0:00:00]} 21. f3 {
[%emt 0:03:58]} Bf5 {[%emt 0:00:52]} 22. Bxf5 {[%emt 0:00:22]} exf5 {[%emt 0:
00:01]} 23. b4 {[%emt 0:00:05]} axb3 {[%emt 0:01:09]} 24. Nxb3 {[%emt 0:00:06]}
Rxb5 {[%emt 0:00:57]} 25. Nd4 {[%emt 0:00:04]} Rc5 {[%emt 0:00:45]} 26. Nxf5+ {
[%emt 0:00:23]} Kf6 {[%emt 0:01:26]} 27. Ne3 {[%emt 0:02:12]} Rxc1+ {[%emt 0:
00:26]} 28. Rxc1 {[%emt 0:00:03]} d4 {[%emt 0:00:18]} 29. Rc6+ {[%emt 0:01:34]}
Ke5 {[%emt 0:00:30]} 30. Nc4+ {[%emt 0:00:00]} Kd5 {[%emt 0:00:05]} 31. Rc7 {
[%emt 0:00:04]} Ra6 {[%emt 0:01:01]} 1/2-1/2